|
|
|
|
| LEADER |
00000nab a2200000 a 4500 |
| 001 |
vtls000456550 |
| 003 |
SK-MaSNL |
| 005 |
20260304035050.0 |
| 008 |
160204c1990 xo 0 rus |
| 015 |
|
|
|a SNBRA19rr/mm-uuuuu
|
| 035 |
|
|
|a CL0456681
|
| 040 |
|
|
|a SNKBUCL
|b slo
|c SNKBUCL
|e AACR2
|
| 041 |
0 |
|
|a rus
|
| 044 |
|
|
|a xo
|c SK
|
| 080 |
|
|
|a 632.982.4+631.816:629.735:631.348
|2 1981
|
| 080 |
|
|
|a 631.816
|2 1981
|
| 080 |
|
|
|a 629.735
|2 1981
|
| 080 |
|
|
|a 631.348
|2 1981
|
| 100 |
1 |
|
|a Rovinski, Robert S.
|4 aut
|9 973622
|
| 245 |
1 |
0 |
|a Nekotoryje zamečanija na temy neravnomernosti raspredelenija massy v agroaviacionnych prijemach
|c Robert S. Roviňski
|
| 300 |
|
|
|b Tb. 2
|
| 504 |
|
|
|a Bibliogr. odkazy
|
| 650 |
0 |
7 |
|a chemická ochrana rastlín
|2 snkbucl
|9 67633
|
| 650 |
0 |
7 |
|a hnojenie
|2 snkbucl
|9 14850
|
| 655 |
|
7 |
|a články zo zborníkov
|2 snkbucl
|9 166140
|
| 773 |
0 |
|
|t Šiesta konferencia o využití letectva v národnom hospodárstve. 1. diel
|d Žilina : Dom techniky ZSVTS, 1990
|g S. 182-187
|
| 850 |
|
|
|a Slovenská národná knižnica v Martine
|a MTA001
|
| 852 |
|
|
|a SNK
|b KIS3GCP
|
| 958 |
|
|
|a NB
|
| 958 |
|
|
|a RK
|
| 992 |
|
|
|a RZB
|
| 999 |
|
|
|c 2656113
|d 2658043
|